| 000 -LEADER |
| fixed length control field |
00637cam a2200241 4500 |
| 001 - CONTROL NUMBER |
| control field |
4592782 |
| 005 - DATE AND TIME OF LATEST TRANSACTION |
| control field |
20180115074535.0 |
| 008 - FIXED-LENGTH DATA ELEMENTS--GENERAL INFORMATION |
| fixed length control field |
710525s1971 enk b 001 0 eng |
| 010 ## - LIBRARY OF CONGRESS CONTROL NUMBER |
| LC control number |
75562472 |
| 015 ## - NATIONAL BIBLIOGRAPHY NUMBER |
| National bibliography number |
B71-02736 |
| 020 ## - INTERNATIONAL STANDARD BOOK NUMBER |
| International Standard Book Number |
0500010684 |
| 040 ## - CATALOGING SOURCE |
| Original cataloging agency |
DLC |
| Transcribing agency |
DLC |
| Modifying agency |
DLC |
| 041 ## - LANGUAGE CODE |
| Language code of text/sound track or separate title |
eng |
| 080 ## - UNIVERSAL DECIMAL CLASSIFICATION NUMBER |
| Universal Decimal Classification number |
190 FLE |
| 082 00 - DEWEY DECIMAL CLASSIFICATION NUMBER |
| Classification number |
190 FLE |
| 100 1# - Rafti |
| Rafti |
24 |
| 101 ## - Shkurtesa |
| Shkurtesa |
FIL |
| 245 13 - TITLE STATEMENT |
| Title |
An introduction to western philosophy: |
| Statement of responsibility, etc |
[by] Antony Flew. |
| 350 ## - PRICE (NR) (BK AM CF MU VM SE) [OBSOLETE] |
| Price |
£4.20 |
| 504 ## - BIBLIOGRAPHY, ETC. NOTE |
| Bibliography, etc |
Bibliography: p. 485-497. |
| 906 ## - LOCAL DATA ELEMENT F, LDF (RLIN) |
| a |
7 |
| b |
cbc |
| c |
orignew |
| d |
3 |
| e |
ncip |
| f |
19 |
| g |
y-gencatlg |
| 942 ## - ADDED ENTRY ELEMENTS (KOHA) |
| Source of classification or shelving scheme |
|
| Item type |
Books |